[Event "Speed Chess (Women) GP4"]
[Site "Chess.com INT"]
[Date "2020.07.19"]
[Round "4.1"]
[White "Kosteniuk, Alexandra"]
[Black "Koneru, Humpy"]
[Result "1-0"]
[WhiteElo "2471"]
[BlackElo "2586"]
[PlyCount "95"]
[EventDate "2020.07.15"]
[EventType "k.o. (blitz)"]
[EventRounds "4"]
[EventCountry "USA"]
[SourceTitle "CBM 197 Extra"]
[Source "ChessBase"]
[SourceDate "2020.09.30"]
[SourceVersion "1"]
[SourceVersionDate "2020.09.30"]
[SourceQuality "1"]

1. e4 e5 2. Nf3 Nf6 3. Nxe5 d6 4. Nf3 Nxe4 5. Nc3 Nxc3 6. dxc3 Be7 7. Be3 Nc6
8. Qd2 Bf5 9. h3 Qd7 10. O-O-O O-O 11. Bd3 Rae8 12. g4 Bxd3 13. Qxd3 f5 14.
Qd5+ Kh8 15. Nd4 f4 16. Bd2 Nxd4 17. cxd4 c6 18. Qf3 Bh4 19. Rhe1 Qf7 20. Kb1
d5 21. a3 h6 22. Re5 Rxe5 23. dxe5 c5 24. Re1 Qe6 25. Re2 b5 26. Ba5 a6 27. Bc7
b4 28. axb4 cxb4 29. Rd2 Qc6 30. Bd6 Rc8 31. Qxd5 Qxd5 32. Rxd5 Bxf2 33. e6 Re8
34. e7 Bh4 35. Rf5 Bxe7 36. Re5 f3 37. Bxe7 f2 38. Rf5 Rxe7 39. Rxf2 Re3 40.
Rf4 Rxh3 41. Rxb4 Rh4 42. Rd4 Kh7 43. c4 h5 44. c5 hxg4 45. c6 Kg6 46. c7 Rh8
47. Rd8 g3 48. c8=Q 1-0

[Event "Speed Chess (Women) GP4"]
[Site "Chess.com INT"]
[Date "2020.07.19"]
[Round "4.2"]
[White "Koneru, Humpy"]
[Black "Kosteniuk, Alexandra"]
[Result "1-0"]
[WhiteElo "2586"]
[BlackElo "2471"]
[PlyCount "47"]
[EventDate "2020.07.15"]
[EventType "k.o. (blitz)"]
[EventRounds "4"]
[EventCountry "USA"]
[SourceTitle "CBM 197 Extra"]
[Source "ChessBase"]
[SourceDate "2020.09.30"]
[SourceVersion "1"]
[SourceVersionDate "2020.09.30"]
[SourceQuality "1"]

1. Nf3 Nf6 2. c4 b6 3. g3 Bb7 4. Bg2 e6 5. O-O Be7 6. d4 O-O 7. b3 d5 8. cxd5
Nxd5 9. Bb2 Nd7 10. Re1 c5 11. e4 N5f6 12. Nc3 cxd4 13. Nxd4 Ne5 14. Qe2 Bc5
15. Red1 Bxd4 16. Nb5 Bxf2+ 17. Qxf2 Qb8 18. Nd6 Ned7 19. g4 Nxg4 20. Qg3 Ngf6
21. Nxb7 Qxb7 22. Rxd7 Qxd7 23. Bxf6 g6 24. Qg5 1-0

[Event "Speed Chess (Women) GP4"]
[Site "Chess.com INT"]
[Date "2020.07.19"]
[Round "4.3"]
[White "Kosteniuk, Alexandra"]
[Black "Koneru, Humpy"]
[Result "1/2-1/2"]
[WhiteElo "2471"]
[BlackElo "2586"]
[PlyCount "97"]
[EventDate "2020.07.15"]
[EventType "k.o. (blitz)"]
[EventRounds "4"]
[EventCountry "USA"]
[SourceTitle "CBM 197 Extra"]
[Source "ChessBase"]
[SourceDate "2020.09.30"]
[SourceVersion "1"]
[SourceVersionDate "2020.09.30"]
[SourceQuality "1"]

1. e4 e5 2. Nf3 Nf6 3. Nxe5 d6 4. Nf3 Nxe4 5. Nc3 Nxc3 6. dxc3 Be7 7. Be3 Nc6
8. Qd2 Bf5 9. h3 Qd7 10. O-O-O O-O 11. Bd3 Rae8 12. g4 Bxd3 13. Qxd3 f5 14.
Qd5+ Kh8 15. Rdg1 f4 16. Bd2 Bd8 17. h4 Qe6 18. Qxe6 Rxe6 19. Kd1 Kg8 20. h5 h6
21. Re1 Rfe8 22. Bxf4 Rxe1+ 23. Nxe1 Re4 24. Nd3 Bg5 25. Bxg5 hxg5 26. f3 Re3
27. Rf1 Ne5 28. Nxe5 Rxe5 29. Re1 Rd5+ 30. Kc1 Kf7 31. Re4 a5 32. f4 Kf6 33. c4
Rc5 34. b3 gxf4 35. Rxf4+ Kg5 36. Rf7 Kxg4 37. Rxg7+ Kxh5 38. Kb2 Kh6 39. Rd7
Kg6 40. Kc3 b5 41. Kd4 bxc4 42. bxc4 Kf6 43. a4 Ke6 44. Rh7 c6 45. Ra7 Kf6 46.
Rd7 Ke6 47. Ra7 Kf6 48. Rd7 Ke6 49. Ra7 1/2-1/2

[Event "Speed Chess (Women) GP4"]
[Site "Chess.com INT"]
[Date "2020.07.19"]
[Round "4.4"]
[White "Koneru, Humpy"]
[Black "Kosteniuk, Alexandra"]
[Result "0-1"]
[WhiteElo "2586"]
[BlackElo "2471"]
[PlyCount "50"]
[EventDate "2020.07.15"]
[EventType "k.o. (blitz)"]
[EventRounds "4"]
[EventCountry "USA"]
[SourceTitle "CBM 197 Extra"]
[Source "ChessBase"]
[SourceDate "2020.09.30"]
[SourceVersion "1"]
[SourceVersionDate "2020.09.30"]
[SourceQuality "1"]

1. Nf3 Nf6 2. c4 e6 3. b3 d5 4. Bb2 c5 5. e3 Nc6 6. cxd5 exd5 7. Bb5 Bd6 8. O-O
O-O 9. d4 Ne4 10. dxc5 Bxc5 11. Nbd2 Bg4 12. Nxe4 dxe4 13. Qxd8 Rfxd8 14. Bxc6
bxc6 15. Ne5 Be6 16. Nxc6 Rd2 17. Bc3 Rc2 18. Rfc1 Rxc1+ 19. Rxc1 Ba3 20. Rd1
Rc8 21. Rd8+ Rxd8 22. Nxd8 Bd5 23. Bd4 a6 24. Bb6 Kf8 25. Ba5 Be7 0-1

[Event "Speed Chess (Women) GP4"]
[Site "Chess.com INT"]
[Date "2020.07.19"]
[Round "4.5"]
[White "Kosteniuk, Alexandra"]
[Black "Koneru, Humpy"]
[Result "1-0"]
[WhiteElo "2471"]
[BlackElo "2586"]
[PlyCount "73"]
[EventDate "2020.07.15"]
[EventType "k.o. (blitz)"]
[EventRounds "4"]
[EventCountry "USA"]
[SourceTitle "CBM 197 Extra"]
[Source "ChessBase"]
[SourceDate "2020.09.30"]
[SourceVersion "1"]
[SourceVersionDate "2020.09.30"]
[SourceQuality "1"]

1. e4 e5 2. Bc4 Nf6 3. d3 c6 4. Nf3 d5 5. Bb3 a5 6. a4 Bb4+ 7. c3 Bd6 8. exd5
cxd5 9. Bg5 Be6 10. Na3 Nbd7 11. Nb5 Bb8 12. O-O O-O 13. Re1 Re8 14. Bh4 h6 15.
Nd2 Ra6 16. d4 e4 17. c4 g5 18. Bg3 Bxg3 19. hxg3 Bg4 20. Qb1 dxc4 21. Nxc4 Qb8
22. Qa2 Kg7 23. Ne3 Re7 24. d5 Ne5 25. d6 Rd7 26. Nd5 Nxd5 27. Bxd5 f5 28. Be6
Rdxd6 29. Nxd6 Rxd6 30. Bc4 Qa7 31. b3 h5 32. Qb2 Qd4 33. Qxd4 Rxd4 34. Bb5 Nd3
35. Bxd3 exd3 36. f3 d2 37. Red1 1-0

[Event "Speed Chess (Women) GP4"]
[Site "Chess.com INT"]
[Date "2020.07.19"]
[Round "4.6"]
[White "Koneru, Humpy"]
[Black "Kosteniuk, Alexandra"]
[Result "1-0"]
[WhiteElo "2586"]
[BlackElo "2471"]
[PlyCount "113"]
[EventDate "2020.07.15"]
[EventType "k.o. (blitz)"]
[EventRounds "4"]
[EventCountry "USA"]
[SourceTitle "CBM 197 Extra"]
[Source "ChessBase"]
[SourceDate "2020.09.30"]
[SourceVersion "1"]
[SourceVersionDate "2020.09.30"]
[SourceQuality "1"]

1. d4 Nf6 2. c4 e6 3. Nf3 d5 4. Nc3 dxc4 5. e4 b5 6. e5 Nd5 7. Nxb5 Nb6 8. Be2
Be7 9. O-O O-O 10. Be3 Nc6 11. Rc1 Nb4 12. a3 N4d5 13. Nc3 Nxe3 14. fxe3 Bb7
15. Qe1 c5 16. Rd1 cxd4 17. exd4 f5 18. exf6 Bxf6 19. Bxc4 Nxc4 20. Qxe6+ Kh8
21. Qxc4 Qb6 22. Qb4 Qxb4 23. axb4 Rad8 24. d5 Bxc3 25. bxc3 Bxd5 26. Ne5 Rxf1+
27. Rxf1 Rc8 28. c4 Be6 29. c5 Kg8 30. Ra1 Rc7 31. Ra6 Bd5 32. Kf2 Kf8 33. g3
Ke7 34. Ke3 g6 35. Kd4 Bg2 36. b5 Rb7 37. Ra5 Kd8 38. c6 Rc7 39. Ra2 Bh3 40.
Rf2 Re7 41. Rf8+ Kc7 42. Rf7 Rxf7 43. Nxf7 Kb6 44. Nd6 Bf1 45. Kd5 a6 46. bxa6
Bxa6 47. Ne8 Bf1 48. c7 Kb7 49. Kd6 Kc8 50. Nf6 h6 51. Nd5 Kb7 52. Ne7 Bh3 53.
Nxg6 Bc8 54. Ne7 Bh3 55. c8=Q+ Bxc8 56. Nxc8 Kxc8 57. Ke6 1-0

[Event "Speed Chess (Women) GP4"]
[Site "Chess.com INT"]
[Date "2020.07.19"]
[Round "4.7"]
[White "Kosteniuk, Alexandra"]
[Black "Koneru, Humpy"]
[Result "0-1"]
[WhiteElo "2471"]
[BlackElo "2586"]
[PlyCount "82"]
[EventDate "2020.07.15"]
[EventType "k.o. (blitz)"]
[EventRounds "4"]
[EventCountry "USA"]
[SourceTitle "CBM 197 Extra"]
[Source "ChessBase"]
[SourceDate "2020.09.30"]
[SourceVersion "1"]
[SourceVersionDate "2020.09.30"]
[SourceQuality "1"]

1. e4 e5 2. Bc4 Nf6 3. d3 Nc6 4. Nc3 Bb4 5. Nf3 d6 6. O-O Bxc3 7. bxc3 Na5 8.
Bb3 h6 9. d4 O-O 10. Re1 Bg4 11. Qd3 Bxf3 12. Qxf3 Qe7 13. d5 Nxb3 14. axb3 a5
15. Qd3 Nd7 16. Be3 b6 17. b4 axb4 18. cxb4 Rfb8 19. Qc4 Qd8 20. Qc6 Nf6 21. f3
Kh7 22. c4 Ng8 23. Rxa8 Rxa8 24. c5 Ne7 25. Qb5 bxc5 26. bxc5 Rb8 27. Qc4 dxc5
28. Bxc5 Ng6 29. Rd1 Qg5 30. Qc2 Nh4 31. Rf1 Rb7 32. g3 Ng6 33. Re1 h5 34. Be3
Qf6 35. Kg2 h4 36. Rf1 h3+ 37. Kxh3 c6 38. dxc6 Rc7 39. Rc1 Qxf3 40. Bb6 Nf4+
41. Kh4 Qh5# 0-1

[Event "Speed Chess (Women) GP4"]
[Site "Chess.com INT"]
[Date "2020.07.19"]
[Round "4.8"]
[White "Koneru, Humpy"]
[Black "Kosteniuk, Alexandra"]
[Result "0-1"]
[WhiteElo "2586"]
[BlackElo "2471"]
[PlyCount "60"]
[EventDate "2020.07.15"]
[EventType "k.o. (blitz)"]
[EventRounds "4"]
[EventCountry "USA"]
[SourceTitle "CBM 197 Extra"]
[Source "ChessBase"]
[SourceDate "2020.09.30"]
[SourceVersion "1"]
[SourceVersionDate "2020.09.30"]
[SourceQuality "1"]

1. Nf3 Nf6 2. c4 e6 3. d4 d5 4. e3 b6 5. b3 Bb7 6. Bd3 c5 7. cxd5 Nxd5 8. O-O
Nc6 9. Bb2 a6 10. a3 cxd4 11. Nxd4 Qg5 12. Nf3 Qh5 13. Nbd2 O-O-O 14. Qe2 Nc7
15. Rac1 Kb8 16. Rfd1 f6 17. b4 g5 18. Bxf6 Bd6 19. Nf1 g4 20. N3d2 Ne5 21.
Bxd8 Rxd8 22. Be4 Nd5 23. Bxd5 exd5 24. Nb3 Nc4 25. Rxc4 dxc4 26. Qxc4 Bxh2+
27. Nxh2 Rxd1+ 28. Nf1 Qd5 29. Qf4+ Ka7 30. Qxg4 Qxb3 0-1

[Event "Speed Chess (Women) GP4"]
[Site "Chess.com INT"]
[Date "2020.07.19"]
[Round "4.9"]
[White "Kosteniuk, Alexandra"]
[Black "Koneru, Humpy"]
[Result "1-0"]
[WhiteElo "2471"]
[BlackElo "2586"]
[PlyCount "69"]
[EventDate "2020.07.15"]
[EventType "k.o. (blitz)"]
[EventRounds "4"]
[EventCountry "USA"]
[SourceTitle "CBM 197 Extra"]
[Source "ChessBase"]
[SourceDate "2020.09.30"]
[SourceVersion "1"]
[SourceVersionDate "2020.09.30"]
[SourceQuality "1"]

1. e4 e5 2. Nf3 Nf6 3. Nxe5 d6 4. Nf3 Nxe4 5. Bd3 Nf6 6. O-O Be7 7. c3 O-O 8.
Bc2 Re8 9. d4 Bg4 10. Nbd2 Nbd7 11. Nc4 Bh5 12. Ne3 Bf8 13. h3 c6 14. Re1 Qc7
15. g4 Bg6 16. Nf5 d5 17. Be3 Ne4 18. N5h4 Bd6 19. Nxg6 fxg6 20. Kg2 Rf8 21.
Bxe4 dxe4 22. Nd2 Rae8 23. c4 Bf4 24. Qb3 Kh8 25. Re2 b6 26. Rae1 Nf6 27. Bxf4
Qxf4 28. Qg3 Qg5 29. Nxe4 Nxe4 30. Rxe4 Rxe4 31. Rxe4 Qd2 32. Qe3 Qxb2 33. Re8
Qb4 34. c5 Kg8 35. Qe6+ 1-0

[Event "Speed Chess (Women) GP4"]
[Site "Chess.com INT"]
[Date "2020.07.19"]
[Round "4.10"]
[White "Koneru, Humpy"]
[Black "Kosteniuk, Alexandra"]
[Result "0-1"]
[WhiteElo "2586"]
[BlackElo "2471"]
[PlyCount "72"]
[EventDate "2020.07.15"]
[EventType "k.o. (blitz)"]
[EventRounds "4"]
[EventCountry "USA"]
[SourceTitle "CBM 197 Extra"]
[Source "ChessBase"]
[SourceDate "2020.09.30"]
[SourceVersion "1"]
[SourceVersionDate "2020.09.30"]
[SourceQuality "1"]

1. d4 Nf6 2. Nf3 e6 3. c4 d5 4. e3 b6 5. b3 Bb7 6. Bb2 c5 7. cxd5 cxd4 8. Nxd4
Bb4+ 9. Nc3 Nxd5 10. Bb5+ Nd7 11. Rc1 Rc8 12. Nde2 O-O 13. O-O Nxc3 14. Bxc3
Bxc3 15. Qxd7 Qxd7 16. Bxd7 Rcd8 17. Bxe6 Bd2 18. Rc7 Ba6 19. Bc4 Bxc4 20. bxc4
Rc8 21. Rxa7 Rxc4 22. Nd4 Ba5 23. h3 g6 24. Rd1 Rfc8 25. Nb5 Rc1 26. Rxc1 Rxc1+
27. Kh2 Rc2 28. Kg3 Rxa2 29. f4 Be1+ 30. Kf3 Rf2+ 31. Ke4 Rxg2 32. Nd6 f5+ 33.
Kd5 Re2 34. Nc4 Bf2 35. Ke6 Bxe3 36. Ne5 Bxf4 0-1

[Event "Speed Chess (Women) GP4"]
[Site "Chess.com INT"]
[Date "2020.07.19"]
[Round "4.11"]
[White "Kosteniuk, Alexandra"]
[Black "Koneru, Humpy"]
[Result "0-1"]
[WhiteElo "2471"]
[BlackElo "2586"]
[PlyCount "98"]
[EventDate "2020.07.15"]
[EventType "k.o. (blitz)"]
[EventRounds "4"]
[EventCountry "USA"]
[SourceTitle "CBM 197 Extra"]
[Source "ChessBase"]
[SourceDate "2020.09.30"]
[SourceVersion "1"]
[SourceVersionDate "2020.09.30"]
[SourceQuality "1"]

1. e4 e5 2. Nf3 Nf6 3. Nxe5 d6 4. Nf3 Nxe4 5. Bd3 Nf6 6. c3 Be7 7. O-O O-O 8.
Bc2 Bg4 9. d4 Re8 10. Nbd2 Nbd7 11. Re1 Bh5 12. Nf1 c6 13. Ng3 Bg6 14. Nf5 Bf8
15. Bg5 Qc7 16. Qd2 h6 17. Bf4 Nd5 18. Bg3 N7f6 19. h3 Qd7 20. N3h4 Bh7 21. Ne3
Nxe3 22. Bxh7+ Kxh7 23. Rxe3 Kg8 24. Rae1 d5 25. f3 g5 26. Be5 Nh7 27. f4 gxh4
28. Qf2 f6 29. Qxh4 fxe5 30. Rg3+ Kh8 31. dxe5 Qf5 32. Rf3 Be7 33. Qf2 Rg8 34.
Kh2 h5 35. g3 b6 36. Qe2 Raf8 37. Re3 Qg6 38. Rf1 Bc5 39. Ref3 Rf5 40. e6 Re8
41. Re1 Rf6 42. f5 Rxf5 43. b4 Bd6 44. Qd3 Ref8 45. e7 Bxe7 46. Rxe7 Rxf3 47.
Qxg6 Rf2+ 48. Kg1 Rf1+ 49. Kg2 R8f2# 0-1

[Event "Speed Chess (Women) GP4"]
[Site "Chess.com INT"]
[Date "2020.07.19"]
[Round "4.12"]
[White "Koneru, Humpy"]
[Black "Kosteniuk, Alexandra"]
[Result "1/2-1/2"]
[WhiteElo "2586"]
[BlackElo "2471"]
[PlyCount "156"]
[EventDate "2020.07.15"]
[EventType "k.o. (blitz)"]
[EventRounds "4"]
[EventCountry "USA"]
[SourceTitle "CBM 197 Extra"]
[Source "ChessBase"]
[SourceDate "2020.09.30"]
[SourceVersion "1"]
[SourceVersionDate "2020.09.30"]
[SourceQuality "1"]

1. d4 Nf6 2. Nf3 e6 3. e3 b6 4. Bd3 Bb7 5. O-O g6 6. b3 Bg7 7. Bb2 d5 8. Nbd2
O-O 9. Ne5 Nbd7 10. f4 Ne4 11. Nxe4 dxe4 12. Bc4 Nxe5 13. fxe5 Bh6 14. Qe2 c5
15. Rad1 Qe7 16. a4 Rad8 17. h3 Qg5 18. Bc1 Qg3 19. c3 Rd7 20. Rf6 Bg5 21. Rff1
Bh6 22. Qf2 Qxf2+ 23. Kxf2 Rfd8 24. Ke2 Bf8 25. Bb5 Rc7 26. dxc5 Rxd1 27. Rxd1
Bxc5 28. Rd8+ Kg7 29. Bb2 Be7 30. Rd7 Rxd7 31. Bxd7 Kf8 32. c4 Bb4 33. a5 Ke7
34. Ba4 Kd8 35. axb6 axb6 36. Bd4 Kc7 37. g4 h6 38. Be8 Bc8 39. Bxf7 g5 40. Bg6
Bb7 41. Bf7 Kd7 42. Bg6 Bc5 43. Kd2 Bb4+ 44. Kc2 Bc5 45. Kc3 Kc7 46. b4 Be7 47.
Bf7 Bc8 48. Kb3 Bd7 49. Bg6 Bc8 50. Bxe4 Bd7 51. Kc3 Bc8 52. c5 bxc5 53. Bxc5
Bxc5 54. bxc5 Ba6 55. Kd4 Bb5 56. Bc2 Bf1 57. Bb3 Kd7 58. Ba4+ Kd8 59. Bb3 Kd7
60. c6+ Kxc6 61. Bxe6 Bxh3 62. Bd5+ Kd7 63. Bf3 Ke6 64. Bd5+ Ke7 65. Bf3 Ke6
66. Be2 Bg2 67. Bc4+ Ke7 68. e6 Bf3 69. Ke5 Bxg4 70. Bd5 h5 71. Bg2 Bxe6 72.
Bf3 h4 73. e4 g4 74. Bh1 g3 75. Kf4 Bh3 76. Kg5 g2 77. Bxg2 Bxg2 78. Kxh4 Bxe4
1/2-1/2

[Event "Speed Chess (Women) Final"]
[Site "Chess.com INT"]
[Date "2020.07.20"]
[Round "1"]
[White "Kosteniuk, Alexandra"]
[Black "Ushenina, Anna"]
[Result "1/2-1/2"]
[WhiteElo "2471"]
[BlackElo "2416"]
[PlyCount "126"]
[EventDate "2020.07.20"]
[EventType "match (blitz)"]
[EventRounds "28"]
[EventCountry "USA"]
[SourceTitle "CBM 197 Extra"]
[Source "ChessBase"]
[SourceDate "2020.09.30"]
[SourceVersion "1"]
[SourceVersionDate "2020.09.30"]
[SourceQuality "1"]

1. e4 e5 2. Nf3 Nf6 3. Nxe5 d6 4. Nf3 Nxe4 5. d4 Bf5 6. Bd3 Be7 7. O-O O-O 8.
Re1 d5 9. Nbd2 Nd6 10. Nb3 Bxd3 11. Qxd3 Nd7 12. Bf4 c6 13. Re2 Re8 14. Rae1
Nf8 15. Bxd6 Qxd6 16. Ne5 Bf6 17. Qg3 Bxe5 18. Rxe5 Rxe5 19. dxe5 Qg6 20. Qxg6
hxg6 21. f4 Ne6 22. g3 b6 23. h4 Kf8 24. Kf2 Ke7 25. Kf3 c5 26. c3 Rd8 27. g4
Rh8 28. Kg3 Rd8 29. f5 gxf5 30. gxf5 Nc7 31. Nd2 b5 32. Nf3 a5 33. Kf4 b4 34.
Rg1 Ne8 35. h5 bxc3 36. bxc3 Ra8 37. f6+ gxf6 38. h6 Nc7 39. Kf5 fxe5 40. Nxe5
Rh8 41. Rh1 Ne8 42. Nc6+ Kd7 43. Nxa5 Nd6+ 44. Kf6 Rh7 45. Ke5 d4 46. cxd4 cxd4
47. Nb3 d3 48. Nc5+ Ke7 49. Nxd3 f6+ 50. Kd5 Nf5 51. a4 Kd7 52. Rh5 Nxh6 53.
Nc5+ Kc7 54. a5 Rh8 55. Kc4 Nf7 56. Rxh8 Nxh8 57. Kb5 Nf7 58. a6 Nd6+ 59. Ka5
Kb8 60. Nd7+ Ka7 61. Nxf6 Nc4+ 62. Kb5 Nd6+ 63. Kc6 Kxa6 1/2-1/2

[Event "Speed Chess (Women) Final"]
[Site "Chess.com INT"]
[Date "2020.07.20"]
[Round "2"]
[White "Ushenina, Anna"]
[Black "Kosteniuk, Alexandra"]
[Result "0-1"]
[WhiteElo "2416"]
[BlackElo "2471"]
[PlyCount "118"]
[EventDate "2020.07.20"]
[EventType "match (blitz)"]
[EventRounds "28"]
[EventCountry "USA"]
[SourceTitle "CBM 197 Extra"]
[Source "ChessBase"]
[SourceDate "2020.09.30"]
[SourceVersion "1"]
[SourceVersionDate "2020.09.30"]
[SourceQuality "1"]

1. d4 Nf6 2. c4 e6 3. Nc3 Bb4 4. Qc2 d6 5. Nf3 Nbd7 6. g3 b6 7. Bg2 Bb7 8. O-O
O-O 9. Na4 c5 10. a3 Ba5 11. Rd1 Be4 12. Qb3 Qc7 13. Nc3 Bxc3 14. Qxc3 Rac8 15.
b3 Rfd8 16. Bb2 Qb7 17. Ne1 b5 18. cxb5 Bxg2 19. Nxg2 Qxb5 20. Qd3 Rb8 21. Qxb5
Rxb5 22. dxc5 Nxc5 23. Bxf6 gxf6 24. b4 Na4 25. Rac1 a5 26. bxa5 Rxa5 27. Rc6
d5 28. Nf4 Nc5 29. Rb1 Kg7 30. Rc7 Kf8 31. g4 Nd7 32. Rbb7 Ke7 33. Nd3 Kd6 34.
Nb4 Rc5 35. Rxc5 Kxc5 36. a4 Ne5 37. h3 Ra8 38. f4 Nc4 39. Nd3+ Kd4 40. Rxf7 e5
41. Rxf6 e4 42. Ne5 Rxa4 43. Nc6+ Ke3 44. f5 Ra1+ 45. Kg2 Kxe2 46. Re6 Ne3+ 47.
Kg3 Rg1+ 48. Kh4 Rf1 49. f6 Kd3 50. g5 d4 51. Re7 Nf5+ 52. Kh5 Nd6 53. Ne5+ Kc3
54. Rxh7 e3 55. f7 e2 56. g6 e1=Q 57. g7 Qxe5+ 58. Kh6 Nxf7+ 59. Kg6 Qg5# 0-1

[Event "Speed Chess (Women) Final"]
[Site "Chess.com INT"]
[Date "2020.07.20"]
[Round "3"]
[White "Kosteniuk, Alexandra"]
[Black "Ushenina, Anna"]
[Result "1-0"]
[WhiteElo "2471"]
[BlackElo "2416"]
[PlyCount "121"]
[EventDate "2020.07.20"]
[EventType "match (blitz)"]
[EventRounds "28"]
[EventCountry "USA"]
[SourceTitle "CBM 197 Extra"]
[Source "ChessBase"]
[SourceDate "2020.09.30"]
[SourceVersion "1"]
[SourceVersionDate "2020.09.30"]
[SourceQuality "1"]

1. e4 e5 2. Nf3 Nf6 3. d4 Nxe4 4. Bd3 d5 5. Nxe5 Nd7 6. O-O Nxe5 7. dxe5 Nc5 8.
f4 Nxd3 9. Qxd3 g6 10. Nc3 c6 11. Ne2 Bf5 12. Qc3 Qb6+ 13. Be3 Qb4 14. Qxb4
Bxb4 15. c3 Be7 16. Ng3 Kd7 17. Nxf5 gxf5 18. Rad1 Ke6 19. Rd3 h5 20. Bf2 Rag8
21. Rc1 Rg4 22. g3 Rhg8 23. Kf1 h4 24. c4 dxc4 25. Rxc4 hxg3 26. hxg3 Rd8 27.
Rxd8 Bxd8 28. Kg2 a6 29. Rc1 Be7 30. Rh1 Rg8 31. Bb6 c5 32. Kf3 Kd5 33. Rh7 Ke6
34. Rh5 Rc8 35. g4 fxg4+ 36. Kxg4 Rg8+ 37. Kf3 Rg1 38. Bc7 Kd7 39. Bb8 Rg8 40.
Bd6 Bxd6 41. exd6 Kxd6 42. Rf5 Rg7 43. Rf6+ Kc7 44. Ke4 Rg2 45. Rxf7+ Kc6 46.
b3 Rxa2 47. f5 b5 48. Rf6+ Kb7 49. Rh6 Re2+ 50. Kd5 Rf2 51. f6 Rf5+ 52. Ke6 Rf3
53. f7 c4 54. bxc4 bxc4 55. Rf6 Re3+ 56. Kf5 Rf3+ 57. Ke5 Rxf6 58. Kxf6 c3 59.
f8=Q c2 60. Qb4+ Ka7 61. Qc5+ 1-0

[Event "Speed Chess (Women) Final"]
[Site "Chess.com INT"]
[Date "2020.07.20"]
[Round "4"]
[White "Ushenina, Anna"]
[Black "Kosteniuk, Alexandra"]
[Result "1-0"]
[WhiteElo "2416"]
[BlackElo "2471"]
[PlyCount "77"]
[EventDate "2020.07.20"]
[EventType "match (blitz)"]
[EventRounds "28"]
[EventCountry "USA"]
[SourceTitle "CBM 197 Extra"]
[Source "ChessBase"]
[SourceDate "2020.09.30"]
[SourceVersion "1"]
[SourceVersionDate "2020.09.30"]
[SourceQuality "1"]

1. d4 Nf6 2. c4 e6 3. Nc3 Bb4 4. Qc2 d6 5. Nf3 Nbd7 6. g3 b6 7. Bg2 Bb7 8. O-O
O-O 9. a3 Bxc3 10. Qxc3 a5 11. b3 Ne4 12. Qc2 f5 13. Bb2 Ndf6 14. Ne1 Qe8 15.
Nd3 Bc6 16. Nf4 Rc8 17. Rad1 Bd7 18. f3 Ng5 19. Rfe1 Nh5 20. Nxh5 Qxh5 21. h4
Nf7 22. e4 fxe4 23. Qxe4 Nh6 24. Bc1 Nf7 25. Bf4 h6 26. b4 axb4 27. axb4 g5 28.
hxg5 hxg5 29. Bc1 Kg7 30. Kf2 Nh6 31. Rh1 Qg6 32. Qxg6+ Kxg6 33. Bf1 Bc6 34.
Bd3+ Kg7 35. d5 Bb7 36. Bxg5 Ng4+ 37. Kg2 exd5 38. Rh7+ Kg8 39. Rdh1 1-0

[Event "Speed Chess (Women) Final"]
[Site "Chess.com INT"]
[Date "2020.07.20"]
[Round "5"]
[White "Kosteniuk, Alexandra"]
[Black "Ushenina, Anna"]
[Result "1-0"]
[WhiteElo "2471"]
[BlackElo "2416"]
[PlyCount "91"]
[EventDate "2020.07.20"]
[EventType "match (blitz)"]
[EventRounds "28"]
[EventCountry "USA"]
[SourceTitle "CBM 197 Extra"]
[Source "ChessBase"]
[SourceDate "2020.09.30"]
[SourceVersion "1"]
[SourceVersionDate "2020.09.30"]
[SourceQuality "1"]

1. e4 e5 2. Nf3 Nf6 3. Nxe5 d6 4. Nf3 Nxe4 5. c4 Bf5 6. d3 Nf6 7. Nc3 Be7 8. d4
O-O 9. Bd3 Bxd3 10. Qxd3 d5 11. c5 b6 12. Be3 c6 13. O-O bxc5 14. dxc5 a5 15.
Ne5 Nfd7 16. Nxd7 Nxd7 17. Na4 Rb8 18. Rab1 Rb4 19. b3 Re8 20. h3 h6 21. Bd2
Rb5 22. Qg3 Kh8 23. Bc3 Bf6 24. Rfe1 d4 25. Bd2 Nxc5 26. Nxc5 Rxc5 27. Rec1
Rxc1+ 28. Rxc1 Qd5 29. Qc7 Re2 30. Rd1 a4 31. bxa4 c5 32. a5 c4 33. a6 Re8 34.
a7 Ra8 35. Rb1 Kh7 36. Bf4 c3 37. Rb8 d3 38. Rxa8 Qxa8 39. Qb8 Qe4 40. a8=Q
Qe1+ 41. Kh2 d2 42. Qh8+ Kg6 43. Qag8 d1=Q 44. Qhh7+ Kh5 45. Qxf7+ Kh4 46. g3#
1-0

[Event "Speed Chess (Women) Final"]
[Site "Chess.com INT"]
[Date "2020.07.20"]
[Round "6"]
[White "Ushenina, Anna"]
[Black "Kosteniuk, Alexandra"]
[Result "1/2-1/2"]
[WhiteElo "2416"]
[BlackElo "2471"]
[PlyCount "89"]
[EventDate "2020.07.20"]
[EventType "match (blitz)"]
[EventRounds "28"]
[EventCountry "USA"]
[SourceTitle "CBM 197 Extra"]
[Source "ChessBase"]
[SourceDate "2020.09.30"]
[SourceVersion "1"]
[SourceVersionDate "2020.09.30"]
[SourceQuality "1"]

1. d4 Nf6 2. c4 e6 3. Nc3 Bb4 4. Bd2 b6 5. e3 O-O 6. Nf3 c5 7. a3 Bxc3 8. Bxc3
Ne4 9. Rc1 Bb7 10. Be2 d6 11. O-O Nxc3 12. Rxc3 Qe7 13. Nd2 Nc6 14. d5 exd5 15.
cxd5 Nd8 16. e4 f5 17. Bf3 f4 18. Bg4 Bc8 19. Bxc8 Rxc8 20. Qg4 Rc7 21. g3 Qf6
22. Qxf4 Qxf4 23. gxf4 Rxf4 24. f3 Nf7 25. Nc4 b5 26. Ne3 Ne5 27. Nf5 Rd7 28.
Kg2 g5 29. b4 c4 30. Nd4 g4 31. Kg3 Rdf7 32. Nxb5 Rxf3+ 33. Rcxf3 Rxf3+ 34.
Rxf3 gxf3 35. a4 Kf8 36. Nc3 Ke7 37. a5 Kd7 38. b5 h5 39. Kf2 h4 40. h3 Kc7 41.
Ke3 Kd7 42. Nd1 Kc7 43. Nc3 Kd7 44. Nd1 Kc7 45. Nc3 1/2-1/2

[Event "Speed Chess (Women) Final"]
[Site "Chess.com INT"]
[Date "2020.07.20"]
[Round "7"]
[White "Kosteniuk, Alexandra"]
[Black "Ushenina, Anna"]
[Result "0-1"]
[WhiteElo "2471"]
[BlackElo "2416"]
[PlyCount "72"]
[EventDate "2020.07.20"]
[EventType "match (blitz)"]
[EventRounds "28"]
[EventCountry "USA"]
[SourceTitle "CBM 197 Extra"]
[Source "ChessBase"]
[SourceDate "2020.09.30"]
[SourceVersion "1"]
[SourceVersionDate "2020.09.30"]
[SourceQuality "1"]

1. e4 e5 2. Bc4 Nf6 3. d3 Bc5 4. Nc3 O-O 5. Nf3 c6 6. Bb3 d6 7. Bg5 h6 8. Bh4
Nbd7 9. O-O Re8 10. a4 a5 11. Kh1 Nf8 12. Nd2 Ng6 13. Bg3 d5 14. h3 Be6 15.
exd5 cxd5 16. Qf3 Rc8 17. Rae1 Bb4 18. Re2 Bxc3 19. bxc3 Rxc3 20. Bxe5 Bg4 21.
hxg4 Rxe5 22. Rfe1 Rxe2 23. Rxe2 Rc7 24. g3 Re7 25. d4 Qd7 26. Kg2 Rxe2 27.
Qxe2 Nxg4 28. Nf3 Nf6 29. Ne5 Nxe5 30. dxe5 Ne4 31. Qd3 Nc5 32. Qxd5 Qxd5+ 33.
Bxd5 Nxa4 34. Bxb7 Nc3 35. Kf3 a4 36. Ke3 a3 0-1